Focus 2004: ports and airports (Record no. 74149)
[ view plain ]
| 000 -LEADER | |
|---|---|
| fixed length control field | 01135cab a2200229 4500 |
| 001 - CONTROL NUMBER | |
| control field | ABS67567 |
| 008 - FIXED-LENGTH DATA ELEMENTS--GENERAL INFORMATION | |
| fixed length control field | 040216n2004 000 0 eng u |
| 035 ## - SYSTEM CONTROL NUMBER | |
| System control number | (Sirsi) u125150 |
| 245 ## - TITLE STATEMENT | |
| Title | Focus 2004: ports and airports |
| 260 ## - PUBLICATION, DISTRIBUTION, ETC. | |
| Date of publication, distribution, etc. | 2004 |
| 490 ## - SERIES STATEMENT | |
| Series statement | Estates Gazette |
| Volume/sequential designation | (0406) 7 February 2004, 73-81(5) |
| 520 ## - SUMMARY, ETC. | |
| Summary, etc. | Special report on UK ports and airports. Considers the knock-on effect that government approval for a second runway at Stansted could have on property development in Harlow and Braintree. And, reiterates the warning given in the ninth report of the House of Commons Select Committee on Transport that the lack of direct rail links to UK ports could have an adverse effect on the competitiveness of UK ports. View the report at www.parliament.the-stationery-office.co.uk. |
| 590 ## - LOCAL NOTE (RLIN) | |
| Local note | ABS |
| 650 ## - SUBJECT ADDED ENTRY--TOPICAL TERM | |
| Topical term or geographic name entry element | AIRPORTS |
| 650 ## - SUBJECT ADDED ENTRY--TOPICAL TERM | |
| Topical term or geographic name entry element | PORTS |
| 650 ## - SUBJECT ADDED ENTRY--TOPICAL TERM | |
| Topical term or geographic name entry element | AIR FREIGHT |
| 650 ## - SUBJECT ADDED ENTRY--TOPICAL TERM | |
| Topical term or geographic name entry element | RAILWAYS |
| 650 ## - SUBJECT ADDED ENTRY--TOPICAL TERM | |
| Topical term or geographic name entry element | RAIL LINK |
| 690 ## - LOCAL SUBJECT ADDED ENTRY--TOPICAL TERM (OCLC, RLIN) | |
| Topical term or geographic name as entry element | TRANSPORT AND COMMUNICATIONS |
| 856 ## - ELECTRONIC LOCATION AND ACCESS | |
| Host name | View the report on the Parliament website www.parliament.the-stationery-office.co.uk/pa/cm200203/cmselect/cmtran/783/78302.htm. |
| 942 ## - ADDED ENTRY ELEMENTS (KOHA) | |
| Suppress in OPAC | 0 |
| Withdrawn status | Lost status | Source of classification or shelving scheme | Damaged status | Not for loan | Home library | Current library | Shelving location | Date acquired | Total Checkouts | Full call number | Barcode | Date last seen | Copy number | Price effective from | Koha item type |
|---|---|---|---|---|---|---|---|---|---|---|---|---|---|---|---|
| Dewey Decimal Classification | London | London | Journal article | 16/02/2004 | ABS67567 | 125150-1001 | 06/08/2019 | 1 | 06/08/2019 | Journal article |